|
|
|
|
| LEADER |
00000nab a2200000 a 4500 |
| 001 |
vtls008825857 |
| 003 |
SK-MaSNL |
| 005 |
20260426102545.0 |
| 008 |
050615 1977 xo 000 0 slo |
| 015 |
|
|
|a SNBRB1977
|
| 040 |
|
|
|a SNKBUCL
|b slo
|c SNKBUCL
|e AACR2
|
| 041 |
0 |
|
|a slo
|
| 044 |
|
|
|a xo
|c SK
|
| 080 |
|
|
|a 355.02:061.2(437)
|2 2001
|
| 100 |
1 |
|
|a Chobot, Pavol
|4 aut
|9 924458
|
| 245 |
1 |
0 |
|a Keď sa povie "Zväzarm".
|b [o činnosti a význame]
|c Pavol Chobot
|
| 610 |
2 |
7 |
|a Zväzarm
|2 2001
|9 94458
|
| 651 |
|
7 |
|a Slovensko
|2 snkbucl
|9 14231
|
| 651 |
|
7 |
|a Československo
|2 snkbucl
|9 21376
|
| 773 |
0 |
|
|t Národné výbory
|g Č. 2 (1977), s. 21
|
| 999 |
|
|
|c 3259589
|d 3261519
|